[Event "Moscow-Open 2021_B"]
[Site "Moscow"]
[Date "2021.02.20"]
[Round "1.7"]
[White "Goltseva, Ekaterina"]
[Black "Ivanova, Anastasia S."]
[Result "1-0"]
[WhiteElo "2295"]
[BlackElo "1830"]
[PlyCount "69"]
[EventDate "2021.02.20"]

1. d4 Nf6 2. c4 g6 3. Nc3 Bg7 4. e4 d6 5. Nf3 O-O 6. h3 Nbd7 7. Be3 c5 8. d5
Qa5 9. Nd2 a6 10. a4 Ne8 11. Ra3 Bxc3 12. Rxc3 Rb8 13. Be2 b5 14. axb5 axb5 15.
Ra3 Qb4 16. Rb3 Qa5 17. Bh6 Ng7 18. Rxb5 Rxb5 19. cxb5 Nf6 20. O-O Bd7 21. Qa1
Qb6 22. Qa6 Rb8 23. Ra1 Qd8 24. Qa5 Qe8 25. b6 Bc8 26. b4 cxb4 27. Qxb4 Qd8 28.
Rb1 Nd7 29. Nc4 Ba6 30. Qb2 f6 31. Be3 Ne8 32. Na5 Nxb6 33. Nc6 Qc7 34. Nxb8
Na4 35. Nxa6 1-0

[Event "Moscow-Open 2021_B"]
[Site "Moscow"]
[Date "2021.02.20"]
[Round "1.8"]
[White "Khachatryan, Marieta"]
[Black "Grigorieva, Yulia"]
[Result "1/2-1/2"]
[WhiteElo "1830"]
[BlackElo "2273"]
[PlyCount "97"]
[EventDate "2021.02.20"]

1. Nf3 Nf6 2. c4 g6 3. d4 Bg7 4. Nc3 d5 5. cxd5 Nxd5 6. e4 Nxc3 7. bxc3 c5 8.
Be2 Nc6 9. O-O cxd4 10. cxd4 Nxd4 11. Nxd4 Qxd4 12. Bb5+ Kf8 13. Qxd4 Bxd4 14.
Rd1 e5 15. Bh6+ Ke7 16. Rac1 Bg4 17. Rc7+ Kf6 18. Bc4 g5 19. h4 gxh4 20. Rc1
Rhc8 21. Bxf7 Rxc7 22. Rxc7 Bb6 23. Rxb7 Bc8 24. Rxb6+ axb6 25. Bd5 Ra4 26. Be3
Rb4 27. a3 Rb1+ 28. Kh2 Be6 29. Bc6 Bc4 30. Kh3 Ke6 31. Kxh4 Kd6 32. Be8 Rb3
33. Bd2 Kc5 34. Be3+ Kd6 35. Bd2 Ke7 36. Bc6 Ke6 37. Bb4 Rb2 38. Kg3 Kf6 39.
Be8 Be6 40. Ba4 Rb1 41. Bc2 Rc1 42. Bd3 Rd1 43. Bc2 Rd8 44. Kf3 Bc4 45. Ke3 Rg8
46. g3 Ke6 47. Bd1 Kf6 48. Bc2 Ke6 49. Bd1 1/2-1/2

[Event "Moscow-Open 2021_B"]
[Site "Moscow"]
[Date "2021.02.20"]
[Round "1.9"]
[White "Getman, Tatyana"]
[Black "Baiburina, Kamilla"]
[Result "1-0"]
[WhiteElo "2271"]
[BlackElo "1829"]
[PlyCount "81"]
[EventDate "2021.02.20"]

1. Nf3 Nf6 2. c4 e6 3. Nc3 Be7 4. e4 d5 5. cxd5 exd5 6. e5 Nfd7 7. d4 Nb6 8.
Bd3 O-O 9. Qc2 h6 10. Be3 N8d7 11. Ne2 Re8 12. Ng3 Bb4+ 13. Kf1 Nf8 14. a3 Be7
15. Qc1 Qd7 16. Nf5 Qc6 17. g4 Nh7 18. Qb1 Nf8 19. g5 h5 20. b3 g6 21. Nxe7+
Rxe7 22. Nh4 Bh3+ 23. Ke2 Qd7 24. Rg1 c5 25. f4 c4 26. Bc2 Rc8 27. b4 Na4 28.
Qe1 Nb2 29. Qc3 Na4 30. Qd2 c3 31. Qe1 Nb2 32. f5 Qb5+ 33. Kf3 Nd3 34. Qb1 Bg4+
35. Kg3 Nxe5 36. dxe5 Rxe5 37. Bd4 Re2 38. Bd3 c2 39. Qb3 Qe8 40. Bxe2 Qxe2 41.
Qe3 1-0

[Event "Moscow-Open 2021_B"]
[Site "Moscow"]
[Date "2021.02.20"]
[Round "1.10"]
[White "Zavivaeva, Emilia"]
[Black "Protopopova, Anastasiya"]
[Result "0-1"]
[WhiteElo "1826"]
[BlackElo "2261"]
[PlyCount "64"]
[EventDate "2021.02.20"]

1. e4 c5 2. Nf3 d6 3. d4 cxd4 4. Nxd4 Nf6 5. Nc3 a6 6. f3 e5 7. Nb3 Be6 8. Be3
h5 9. Qd2 Nbd7 10. Nd5 Bxd5 11. exd5 g6 12. O-O-O Qc7 13. Kb1 Bg7 14. g3 a5 15.
a4 O-O 16. Bb5 Nb6 17. Bg5 Rfc8 18. Rc1 Nc4 19. Qe2 Nxd5 20. Bxc4 Qxc4 21. Qxc4
Rxc4 22. Rhd1 Nb6 23. Rxd6 Nxa4 24. Rd8+ Rxd8 25. Bxd8 e4 26. c3 exf3 27. Rf1
Re4 28. Nc1 Re5 29. Kc2 Rf5 30. Nd3 g5 31. Kb3 b5 32. h3 Rd5 0-1

[Event "Moscow-Open 2021_B"]
[Site "Moscow"]
[Date "2021.02.20"]
[Round "1.11"]
[White "Borisova, Ekaterina"]
[Black "Bubeeva, Larisa"]
[Result "1-0"]
[WhiteElo "2256"]
[BlackElo "1810"]
[PlyCount "75"]
[EventDate "2021.02.20"]

1. g3 d5 2. Nf3 c5 3. Bg2 Nc6 4. d4 Nf6 5. O-O e6 6. c4 dxc4 7. Qa4 Bd7 8. Qxc4
b5 9. Qd3 c4 10. Qd1 Rc8 11. Bg5 Be7 12. Nc3 a6 13. e4 b4 14. Bxf6 Bxf6 15. Na4
O-O 16. e5 Be7 17. a3 bxa3 18. bxa3 Nxd4 19. Nxd4 Bxa4 20. Qxa4 Qxd4 21. Qxa6
Qxe5 22. a4 c3 23. Rfe1 Qf6 24. a5 c2 25. Qe2 Ba3 26. Rxa3 c1=Q 27. Rxc1 Rxc1+
28. Bf1 Qe7 29. Ra2 Qc5 30. a6 Ra8 31. h4 g6 32. Kh2 Ra7 33. Bg2 Qc4 34. Qb2
Qc5 35. Qf6 Rc2 36. Rxc2 Qxc2 37. Qd8+ Kg7 38. Qd4+ 1-0

[Event "Moscow-Open 2021_B"]
[Site "Moscow"]
[Date "2021.02.20"]
[Round "1.12"]
[White "Naumova, Alexandra"]
[Black "Yakimova, Mariya"]
[Result "0-1"]
[WhiteElo "1800"]
[BlackElo "2232"]
[PlyCount "108"]
[EventDate "2021.02.20"]

1. e4 c5 2. Nf3 d6 3. d4 cxd4 4. Nxd4 Nf6 5. Nc3 a6 6. Be2 e5 7. Nb3 Be7 8. Be3
Be6 9. O-O O-O 10. a4 Nbd7 11. f3 Rc8 12. Qd2 Nb6 13. Rfd1 Qc7 14. a5 Nc4 15.
Bxc4 Qxc4 16. Rac1 Rfd8 17. Qd3 d5 18. Qxc4 Rxc4 19. Bb6 Rd7 20. exd5 Nxd5 21.
Nxd5 Rxd5 22. Rxd5 Bxd5 23. Rd1 Be6 24. c3 f6 25. Nd2 Rc6 26. Ne4 f5 27. Bd8
Bf8 28. Ng5 Bc8 29. Kf1 h6 30. Nh3 Kf7 31. Nf2 Be6 32. Nd3 Bd6 33. g3 Bc4 34.
Ke1 Ke6 35. Bb6 g5 36. Nb4 Rc8 37. Nc2 f4 38. Kf2 Rf8 39. g4 h5 40. h3 hxg4 41.
hxg4 Rh8 42. Kg2 Bd5 43. Re1 Kd7 44. Rd1 Kc6 45. Nb4+ Bxb4 46. cxb4 e4 47. Rc1+
Kd7 48. Rc7+ Ke6 49. fxe4 Bxe4+ 50. Kf1 Rh1+ 51. Ke2 f3+ 52. Kf2 Rh2+ 53. Kf1
Bd3+ 54. Ke1 Re2+ 0-1

[Event "Moscow-Open 2021_B"]
[Site "Moscow"]
[Date "2021.02.20"]
[Round "1.13"]
[White "Zherebtsova, Alexandra"]
[Black "Vasiljeva, Anna"]
[Result "1-0"]
[WhiteElo "2225"]
[BlackElo "1797"]
[PlyCount "93"]
[EventDate "2021.02.20"]

1. d4 Nf6 2. Bf4 d5 3. e3 e6 4. Nf3 c5 5. Be2 Nc6 6. c3 Nh5 7. Bg5 f6 8. Bh4 g6
9. Nbd2 Bd6 10. g4 Ng7 11. Qc2 cxd4 12. exd4 O-O 13. Nf1 Bd7 14. Ne3 Rc8 15.
Qd2 Na5 16. Bg3 Bc6 17. Bxd6 Qxd6 18. h4 Qf4 19. O-O-O Ba4 20. Rdg1 Rf7 21. g5
Rfc7 22. Ng4 Qxd2+ 23. Kxd2 f5 24. Nf6+ Kh8 25. Ne5 Be8 26. h5 Nxh5 27. Bxh5
gxh5 28. g6 Bxg6 29. Nxg6+ Kg7 30. Nxh5+ Kf7 31. Ne5+ Ke7 32. Rg7+ Kd6 33. Rhg1
Nc4+ 34. Nxc4+ dxc4 35. Rxc7 Rxc7 36. Rg7 Rxg7 37. Nxg7 Ke7 38. Ke3 Kf6 39.
Nh5+ Kg5 40. Nf4 Kf6 41. Kf3 e5 42. dxe5+ Kxe5 43. Nh5 b5 44. Ke3 a5 45. f4+
Kd5 46. Nf6+ Kc5 47. Nxh7 1-0

[Event "Moscow-Open 2021_B"]
[Site "Moscow"]
[Date "2021.02.20"]
[Round "1.14"]
[White "Laukhina, Margarita A."]
[Black "Nosacheva, Mariya"]
[Result "0-1"]
[WhiteElo "1761"]
[BlackElo "2222"]
[PlyCount "72"]
[EventDate "2021.02.20"]

1. d4 Nf6 2. c4 g6 3. g3 Bg7 4. Bg2 O-O 5. Nf3 d6 6. Nc3 Nc6 7. O-O a6 8. d5
Na5 9. b3 c5 10. Bb2 Rb8 11. Nd2 b5 12. cxb5 axb5 13. e4 Ng4 14. Qc2 Ba6 15. h3
b4 16. hxg4 bxc3 17. Bxc3 Bxf1 18. Rxf1 Bxc3 19. Qxc3 Qb6 20. e5 Qb4 21. Qxb4
Rxb4 22. Rc1 Ra8 23. Ne4 Nb7 24. Rc2 Kg7 25. f4 Ra5 26. Nd2 Rd4 27. Nf3 Rd1+
28. Kf2 Ra3 29. b4 cxb4 30. Rb2 Nc5 31. Ke2 Ra1 32. Rxb4 R1xa2+ 33. Kf1 Ra1+
34. Ke2 R3a2+ 35. Nd2 Rxd2+ 36. Kxd2 Ra2+ 0-1

[Event "Moscow-Open 2021_B"]
[Site "Moscow"]
[Date "2021.02.20"]
[Round "1.15"]
[White "Nur-Mukhametova, Alisa"]
[Black "Sannikova, Anna"]
[Result "1-0"]
[WhiteElo "2212"]
[BlackElo "1759"]
[PlyCount "79"]
[EventDate "2021.02.20"]

1. Nf3 d5 2. c4 c6 3. Qc2 g6 4. g3 Nf6 5. Bg2 Bg7 6. O-O O-O 7. d3 Re8 8. e4 e5
9. Nc3 d4 10. Ne2 h6 11. Ne1 a5 12. h3 Na6 13. f4 Nd7 14. a3 Nf8 15. Rb1 exf4
16. gxf4 f5 17. Ng3 fxe4 18. dxe4 Be6 19. Nd3 b5 20. c5 Ba2 21. b4 Bxb1 22.
Qxb1 Re7 23. e5 Rc8 24. Ne4 a4 25. Nd6 Rcc7 26. Bd2 Nd7 27. Be1 Re6 28. Qa2 Nf8
29. f5 gxf5 30. Rxf5 Qe7 31. Nf4 Kh7 32. Rf7 Qg5 33. Nxe6 Nxe6 34. Qxe6 Qe3+
35. Bf2 Qc1+ 36. Kh2 Rxf7 37. Be4+ Kh8 38. Nxf7+ Kg8 39. Nxh6+ Kh8 40. Qg8# 1-0

[Event "Moscow-Open 2021_B"]
[Site "Moscow"]
[Date "2021.02.20"]
[Round "1.16"]
[White "Tumashevich, Elizaveta"]
[Black "Kurmangaliyeva, Liya"]
[Result "0-1"]
[WhiteElo "1732"]
[BlackElo "2186"]
[PlyCount "72"]
[EventDate "2021.02.20"]

1. c4 e5 2. Nc3 Nf6 3. Nf3 Nc6 4. d3 d5 5. cxd5 Nxd5 6. e4 Nb6 7. Be3 Bg4 8.
Be2 Be7 9. h3 Bxf3 10. Bxf3 O-O 11. O-O Nd4 12. Bg4 c6 13. Ne2 c5 14. f4 exf4
15. Bxd4 cxd4 16. Nxf4 Bg5 17. g3 Qd6 18. Qc2 Kh8 19. Rae1 Rad8 20. Kg2 g6 21.
h4 Bxf4 22. gxf4 f5 23. e5 Qe7 24. Bf3 Qxh4 25. Bxb7 Qg4+ 26. Kh1 Qh3+ 27. Kg1
Qg3+ 28. Kh1 g5 29. Qd2 Rg8 30. Re2 Qh3+ 31. Kg1 gxf4+ 32. Rg2 Rxg2+ 33. Bxg2
Rg8 34. Rxf4 Nd5 35. Rf2 f4 36. Qe2 Ne3 0-1

[Event "Moscow-Open 2021_B"]
[Site "Moscow"]
[Date "2021.02.20"]
[Round "1.17"]
[White "Nasyrova, Ekaterina"]
[Black "Petrova, Elizaveta"]
[Result "1-0"]
[WhiteElo "2168"]
[BlackElo "1713"]
[PlyCount "151"]
[EventDate "2021.02.20"]

1. Nf3 Nf6 2. c4 e6 3. Nc3 b6 4. e4 d6 5. d4 Bb7 6. Bd3 Nbd7 7. O-O e5 8. Re1
Be7 9. a3 a5 10. b3 O-O 11. Bb2 Re8 12. Nd5 Bf8 13. b4 c6 14. Nxf6+ Qxf6 15. c5
bxc5 16. bxc5 exd4 17. Bxd4 Ne5 18. Nxe5 dxe5 19. Be3 Reb8 20. Rb1 Bc8 21. Bc4
Be6 22. Qa4 Bxc4 23. Qxc4 Qd8 24. Rbd1 Qc7 25. Rd3 Be7 26. g3 h6 27. f4 Rd8 28.
Rb3 Rd7 29. f5 Rad8 30. Kg2 Bg5 31. Bf2 Rd2 32. h4 Be7 33. Re2 Qd7 34. Rb6 Rxe2
35. Qxe2 Rc8 36. Qc4 Kf8 37. Qc3 f6 38. Qb3 Bd8 39. Rb7 Rc7 40. Rb8 Rc8 41. Qb7
Qxb7 42. Rxb7 Rc7 43. Rb8 Ke7 44. Kf3 Kd7 45. Kg4 Ke8 46. Be1 Ra7 47. Kh5 a4
48. Kg6 Kd7 49. Kxg7 Be7 50. Bb4 Kc7 51. Re8 Kd7 52. Kf7 Bd8 53. Re6 Kc8+ 54.
Kg6 h5 55. Rxc6+ Kb8 56. Kxh5 Rg7 57. Rd6 Kc7 58. Ba5+ Kb7 59. Rxd8 Rxg3 60.
Bb4 Re3 61. Kg6 Rxe4 62. h5 Rh4 63. h6 e4 64. h7 e3 65. h8=Q Rxh8 66. Rxh8 e2
67. Re8 Kc6 68. Rxe2 Kb7 69. Kxf6 Ka7 70. Ke6 Ka6 71. Kd5 Kb5 72. f6 Ka6 73. f7
Ka7 74. f8=Q Ka6 75. Qd6+ Kb5 76. Qb6# 1-0

[Event "Moscow-Open 2021_B"]
[Site "Moscow"]
[Date "2021.02.20"]
[Round "1.18"]
[White "Yagutian, Mariya"]
[Black "Zeliantsova, Kseniya"]
[Result "1-0"]
[WhiteElo "1691"]
[BlackElo "2166"]
[PlyCount "151"]
[EventDate "2021.02.20"]

1. d4 Nf6 2. c4 g6 3. Nc3 Bg7 4. e4 d6 5. Nf3 O-O 6. Be2 c5 7. d5 e6 8. O-O Re8
9. h3 Na6 10. Bf4 e5 11. Bg5 h6 12. Be3 Nc7 13. a4 b6 14. Qc2 a6 15. Rfb1 Kh7
16. b4 Nh5 17. Ne1 Nf4 18. Bf1 a5 19. bxc5 bxc5 20. Nd3 Nxd3 21. Bxd3 Na6 22.
Qd1 Nb4 23. Be2 f5 24. Bf3 Qf6 25. Ra3 Rf8 26. Rb2 Ra7 27. Nb5 Raf7 28. Bc1 Ba6
29. exf5 gxf5 30. Bh5 Rd7 31. Rg3 Bxb5 32. axb5 f4 33. Rg6 Qd8 34. Qe2 Kh8 35.
Rb3 Rf6 36. Qe4 Ra7 37. Ra3 Rf8 38. Re6 Qg5 39. Bg6 Rg8 40. Bh7 Rf8 41. Rxd6
Bf6 42. Bg6 Bg7 43. Bd2 Raa8 44. Re6 a4 45. Kh2 Qh4 46. Bc3 Qxf2 47. Bxe5 Ra7
48. Bf7 Qh4 49. Bxg7+ Kxg7 50. Qg6+ Kh8 51. Re8 Rxe8 52. Bxe8 Rg7 53. Qf5 Qe7
54. Bc6 Qd6 55. Qe6 Qc7 56. d6 Qd8 57. Qe8+ Rg8 58. Qxd8 Rxd8 59. d7 Kg7 60.
Rxa4 Kf6 61. Ra1 Nd3 62. Kg1 Ne5 63. Re1 Ke6 64. Rd1 Ke7 65. Kf2 Nxc4 66. Re1+
Kd6 67. Re8 Kc7 68. Rxd8 Kxd8 69. Kf3 Nb6 70. Kxf4 c4 71. Ke4 c3 72. Kd3 Na4
73. g4 Nb2+ 74. Kxc3 Nd1+ 75. Kd4 Kc7 76. b6+ 1-0

[Event "Moscow-Open 2021_B"]
[Site "Moscow"]
[Date "2021.02.20"]
[Round "1.19"]
[White "Korchagina, Alena"]
[Black "Khachatryan, Nadezhda"]
[Result "1-0"]
[WhiteElo "2132"]
[BlackElo "1665"]
[PlyCount "93"]
[EventDate "2021.02.20"]

1. Nf3 d5 2. d4 Nf6 3. c4 dxc4 4. e3 e6 5. Bxc4 a6 6. O-O c5 7. b3 b5 8. Be2
Bb7 9. Bb2 Nc6 10. a4 bxa4 11. Rxa4 Qc7 12. Qc1 cxd4 13. Nxd4 Bd6 14. Nxc6 Qxc6
15. Qxc6+ Bxc6 16. Rxa6 Rxa6 17. Bxa6 Ke7 18. Nc3 Ne4 19. Nxe4 Bxe4 20. Bc4 Rb8
21. Rc1 Bd5 22. Bxd5 exd5 23. Bxg7 Rxb3 24. Bd4 Rb8 25. g3 Kd7 26. Kg2 Ra8 27.
Rc2 Ra6 28. Kh3 Be7 29. Be5 Ke6 30. Bd4 Kd7 31. Rb2 Bd6 32. Kg4 Bc7 33. Kf5 Rh6
34. h4 Re6 35. Ra2 Rc6 36. Ra7 Kd8 37. Be5 Bxe5 38. Kxe5 Ke8 39. Kxd5 Rc2 40.
f3 Rh2 41. Ke5 Rh3 42. Kf4 Kf8 43. e4 Rh1 44. e5 Rb1 45. g4 Kg7 46. e6 Rb4+ 47.
Kg3 1-0

[Event "Moscow-Open 2021_B"]
[Site "Moscow"]
[Date "2021.02.20"]
[Round "1.20"]
[White "Ponomareva, Varvara"]
[Black "Miroshnik, Ekaterina"]
[Result "0-1"]
[WhiteElo "1663"]
[BlackElo "2118"]
[PlyCount "113"]
[EventDate "2021.02.20"]

1. d4 e6 2. c4 Nf6 3. Nc3 d5 4. cxd5 exd5 5. Bg5 Nbd7 6. e3 c6 7. Bd3 Be7 8.
Qc2 Nh5 9. Bxe7 Qxe7 10. Nge2 g6 11. O-O O-O 12. Rad1 Ndf6 13. Qd2 Re8 14. Rfe1
Be6 15. f3 Rad8 16. e4 dxe4 17. fxe4 c5 18. d5 Bd7 19. h3 Qe5 20. Rf1 Re7 21.
Rf3 Ne8 22. Rdf1 Nd6 23. g4 Ng7 24. Ng3 b5 25. Qf4 Qxf4 26. Rxf4 b4 27. Nce2 c4
28. Bc2 h5 29. Nd4 h4 30. Nge2 Rde8 31. Rf6 Nxe4 32. Bxe4 Rxe4 33. Rxf7 R4e7
34. R7f6 g5 35. Ra6 Re5 36. Rd6 R8e7 37. Ra6 Rxd5 38. Rxa7 Re4 39. Ra8+ Ne8 40.
Rb8 Rdxd4 41. Nxd4 Rxd4 42. Rxb4 Rd2 43. Rb6 Nd6 44. Re1 Kf7 45. Re5 Kf6 46.
Re1 Rd4 47. Ra6 Be6 48. Rf1+ Ke5 49. Re1+ Ne4 50. a4 Bd5 51. a5 Rd2 52. Rg6 Kf4
53. a6 Rxb2 54. Rh6 Kf3 55. Rf6+ Nxf6 56. Rf1+ Kg3 57. Rxf6 0-1

[Event "Moscow-Open 2021_B"]
[Site "Moscow"]
[Date "2021.02.20"]
[Round "1.21"]
[White "Alekseeva, Irina"]
[Black "Alekseenko, Mariya"]
[Result "1-0"]
[WhiteElo "2113"]
[BlackElo "1656"]
[PlyCount "57"]
[EventDate "2021.02.20"]

1. e4 c5 2. Nf3 e6 3. d4 cxd4 4. Nxd4 Nc6 5. Nc3 Qc7 6. Be2 Nf6 7. O-O a6 8. a4
Bb4 9. Nxc6 bxc6 10. Qd3 d5 11. Bg5 Bb7 12. Bxf6 gxf6 13. exd5 cxd5 14. Nb5 Qe7
15. Nd4 Rc8 16. c3 Bd6 17. Bh5 O-O 18. Rfe1 Qc7 19. Qh3 f5 20. Re3 Be5 21. Qh4
h6 22. Rae1 Bf4 23. Bd1 Bg5 24. Rg3 f6 25. f4 e5 26. fxg5 f4 27. Rh3 exd4 28.
gxf6 d3 29. Qg4+ 1-0

[Event "Moscow-Open 2021_B"]
[Site "Moscow"]
[Date "2021.02.20"]
[Round "1.22"]
[White "Shevtsova, Stefania"]
[Black "Yurasova, Daria"]
[Result "0-1"]
[WhiteElo "1654"]
[BlackElo "2110"]
[PlyCount "110"]
[EventDate "2021.02.20"]

1. e4 e5 2. Nf3 Nc6 3. Bb5 a6 4. Ba4 Nf6 5. O-O b5 6. Bb3 Bc5 7. d3 d6 8. c3 h6
9. h3 O-O 10. Re1 Re8 11. Nbd2 Bb6 12. Nf1 Na5 13. Bc2 Nh5 14. d4 exd4 15. cxd4
Bb7 16. Qd3 Nf6 17. Ng3 c5 18. d5 c4 19. Qc3 Bc8 20. Bf4 Nb7 21. Re2 Bd7 22.
Rd1 Ba5 23. Qe3 Nh7 24. Qc1 Bc7 25. Nd4 Nc5 26. Ndf5 Bxf5 27. Nxf5 Ng5 28. Bxg5
Qxg5 29. Qxg5 hxg5 30. Nd4 Bb6 31. Nc6 Nd7 32. e5 Nxe5 33. Rde1 Kf8 34. Nxe5
dxe5 35. Rxe5 Rxe5 36. Rxe5 Bd4 37. Re2 Bxb2 38. Be4 Be5 39. d6 Rd8 40. Bb7 f6
41. Bxa6 Rxd6 42. f4 Bd4+ 43. Kh2 Rxa6 44. fxg5 fxg5 45. Rd2 Be5+ 46. Kg1 c3
47. Rd8+ Ke7 48. Rc8 Rxa2 49. Rc6 c2 50. Rc8 b4 51. Rc4 b3 52. Rc6 b2 53. Rxc2
b1=Q+ 54. Kf2 Qxc2+ 55. Ke3 Qe2# 0-1

[Event "Moscow-Open 2021_B"]
[Site "Moscow"]
[Date "2021.02.20"]
[Round "1.23"]
[White "Loskutova, Viktoriya"]
[Black "Shenker, Angelina"]
[Result "1-0"]
[WhiteElo "2096"]
[BlackElo "1652"]
[PlyCount "103"]
[EventDate "2021.02.20"]

1. e4 e6 2. d4 d5 3. Nd2 Nf6 4. e5 Nfd7 5. c3 c5 6. Bd3 Nc6 7. Ne2 cxd4 8. cxd4
f6 9. Nf4 Nxd4 10. Qh5+ Ke7 11. Ng6+ hxg6 12. exf6+ Nxf6 13. Qxh8 Kf7 14. O-O
e5 15. Nb3 Nxb3 16. axb3 Be6 17. Bg5 a6 18. Rfd1 Bg4 19. Re1 e4 20. Be2 Bxe2
21. Rxe2 Qb6 22. Qh3 Rd8 23. Rc1 Rd6 24. Rc8 Qd4 25. Qc3 Qxc3 26. bxc3 Rc6 27.
Rxc6 bxc6 28. Ra2 Ke6 29. Rxa6 Kd6 30. Bf4+ Kd7 31. Ra7+ Ke6 32. Ra6 Kd7 33.
Ra8 Be7 34. Ra7+ Ke6 35. b4 Nh5 36. Bd2 g5 37. g3 Bf6 38. Ra6 Kd7 39. Kg2 Kc7
40. Ra7+ Kb6 41. Rf7 g4 42. h3 gxh3+ 43. Kxh3 Bd8 44. g4 Nf6 45. g5 Nh7 46.
Rxg7 Nf8 47. Rg8 Ne6 48. Kg4 Kc7 49. Kf5 Kd7 50. g6 Be7 51. g7 d4 52. Rd8+ 1-0

[Event "Moscow-Open 2021_B"]
[Site "Moscow"]
[Date "2021.02.20"]
[Round "1.24"]
[White "Kalenichenko, Alina"]
[Black "Kochukova, Anna"]
[Result "1/2-1/2"]
[WhiteElo "1638"]
[BlackElo "2091"]
[PlyCount "89"]
[EventDate "2021.02.20"]

1. d4 d5 2. c4 dxc4 3. e3 a6 4. Bxc4 Nf6 5. Nf3 e6 6. O-O c5 7. a4 Nc6 8. Nc3
cxd4 9. exd4 Nb4 10. Qb3 Be7 11. Bg5 Nc6 12. Qd1 O-O 13. d5 Nxd5 14. Bxd5 Bxg5
15. Bxc6 bxc6 16. Nxg5 Qxg5 17. Qd6 Bb7 18. Qc7 Rab8 19. Ne4 Qd5 20. Rfe1 Qd8
21. Qg3 Qe7 22. Rac1 Ba8 23. b3 Rfd8 24. Nc5 a5 25. Qe3 Rd5 26. Rc4 Rbd8 27.
Qc3 Qc7 28. Rg4 e5 29. b4 h5 30. Rc4 axb4 31. Qxb4 Rd1 32. Rc1 Rxc1 33. Rxc1
Rd4 34. Qc3 Qd6 35. h3 e4 36. a5 h4 37. Re1 f5 38. a6 Rd5 39. Rc1 Qe7 40. Qb3
Kh7 41. Qb6 Qg5 42. Rb1 e3 43. Ne6 exf2+ 44. Qxf2 Qe7 45. Re1 1/2-1/2

[Event "Moscow-Open 2021_B"]
[Site "Moscow"]
[Date "2021.02.20"]
[Round "1.25"]
[White "Illina, Natalia"]
[Black "Barkasheva, Sofia"]
[Result "1-0"]
[WhiteElo "2081"]
[BlackElo "1634"]
[PlyCount "131"]
[EventDate "2021.02.20"]

1. e4 c5 2. Nf3 e6 3. d3 Nc6 4. g3 Nf6 5. Bg2 g6 6. O-O Bg7 7. Nbd2 O-O 8. Re1
d5 9. Qe2 h6 10. Nf1 Re8 11. c3 dxe4 12. dxe4 e5 13. Qc2 Be6 14. b3 Rc8 15. Be3
b6 16. Rad1 Qc7 17. Bc1 c4 18. b4 b5 19. Ne3 Rcd8 20. Rd2 Rxd2 21. Nxd2 Rd8 22.
a4 a6 23. Bf1 Ng4 24. Ng2 Qb6 25. Nf3 f5 26. Nfh4 Ne7 27. h3 Nf6 28. Nxg6 Nxg6
29. exf5 Bd5 30. fxg6 Nd7 31. Ne3 Bb7 32. a5 Qf6 33. Bg2 Bxg2 34. Nxg2 Nf8 35.
Nh4 Rd3 36. Re3 Nxg6 37. Rxd3 cxd3 38. Qxd3 Nxh4 39. gxh4 Qxh4 40. Kg2 Qf6 41.
Be3 Qe6 42. Qe4 Qc8 43. Qd5+ Kh7 44. Bc5 Qf5 45. Be3 Qg6+ 46. Kf1 Qb1+ 47. Ke2
Qg1 48. Qe4+ Kg8 49. Qa8+ Kh7 50. Qxa6 Qb1 51. Qxb5 Qc2+ 52. Kf1 Qb1+ 53. Kg2
Qe4+ 54. Kg1 Qg6+ 55. Kh2 Qd6 56. Qc5 Qb8 57. Qd5 e4+ 58. Kg2 Bxc3 59. Qxe4+
Kg8 60. Qc4+ Kh7 61. Qxc3 Qg8+ 62. Kf1 Qd5 63. Qc2+ Kg8 64. Qg6+ Kh8 65. Qxh6+
Kg8 66. Qg5+ 1-0

[Event "Moscow-Open 2021_B"]
[Site "Moscow"]
[Date "2021.02.20"]
[Round "1.26"]
[White "Yusupova, Elina"]
[Black "Bondareva, Daria"]
[Result "0-1"]
[WhiteElo "1575"]
[BlackElo "2066"]
[PlyCount "69"]
[EventDate "2021.02.20"]

1. c4 e5 2. Nc3 Nf6 3. g3 c6 4. e4 Bc5 5. Bg2 d6 6. Nge2 Ng4 7. O-O Qf6 8. Qe1
h5 9. Na4 h4 10. Nxc5 Nxh2 11. Kxh2 hxg3+ 12. Kg1 Qh6 13. fxg3 Qh2+ 14. Kf2 Bh3
15. Rg1 Rh6 16. Ke3 dxc5 17. Bxh3 Qxh3 18. d3 Na6 19. Bd2 Rf6 20. Rh1 Qg4 21.
Ng1 O-O-O 22. Rd1 Rfd6 23. Bc3 f5 24. Nf3 fxe4 25. Nxe5 Qe6 26. Qf1 Nb4 27.
Bxb4 Qxe5 28. Qh3+ Kc7 29. Ba5+ b6 30. Bc3 Qg5+ 31. Kf2 Rf8+ 32. Kg2 Rh6 33.
Be5+ Qxe5 34. Qg4 Qxb2+ 35. Kg1 0-1

[Event "Moscow-Open 2021_B"]
[Site "Moscow"]
[Date "2021.02.20"]
[Round "1.27"]
[White "Gutkovich, Polina"]
[Black "Khegai, Darya"]
[Result "0-1"]
[WhiteElo "2061"]
[BlackElo "1566"]
[PlyCount "90"]
[EventDate "2021.02.20"]

1. d4 Nf6 2. c4 e6 3. Nf3 b6 4. Nc3 Bb7 5. g3 Bb4 6. Bg2 O-O 7. O-O Bxc3 8.
bxc3 d5 9. Ne5 Nbd7 10. Bg5 h6 11. Nxd7 Qxd7 12. Bxf6 gxf6 13. e3 f5 14. Qh5
Kh7 15. h3 Bc6 16. g4 Rg8 17. c5 Rg5 18. Qh4 fxg4 19. hxg4 bxc5 20. f4 Rg6 21.
Kf2 cxd4 22. cxd4 Qd8 23. Qh5 Rb8 24. Rab1 Bb5 25. Rh1 Bd3 26. Rbc1 Rb2+ 27.
Kg3 Qg8 28. Bf3 Qb8 29. Qe5 Rc2 30. Rxc2 Bxc2 31. Rh2 Bd3 32. Rd2 Bf5 33. e4 f6
34. exf5 fxe5 35. fxg6+ Kxg6 36. dxe5 c6 37. Rc2 Qb6 38. Kg2 c5 39. Rf2 c4 40.
f5+ Kg7 41. Kg3 c3 42. Rc2 Qg1+ 43. Kh3 Qe3 44. Kg2 Qd3 45. f6+ Kf8 0-1

[Event "Moscow-Open 2021_B"]
[Site "Moscow"]
[Date "2021.02.20"]
[Round "1.28"]
[White "Volchkova, Alena"]
[Black "Danilova, Rada"]
[Result "1-0"]
[WhiteElo "1539"]
[BlackElo "2048"]
[PlyCount "93"]
[EventDate "2021.02.20"]

1. e4 c5 2. Nf3 Nc6 3. Bb5 g6 4. Bxc6 dxc6 5. d3 Bg7 6. h3 Nf6 7. Nc3 Nd7 8.
O-O e5 9. Bg5 Qc7 10. Qd2 h6 11. Be3 b6 12. Nh2 g5 13. Ne2 Nf8 14. Ng3 Rg8 15.
Nh5 Bh8 16. a3 f5 17. exf5 Bxf5 18. Ng3 Bg6 19. Ng4 Bg7 20. b4 O-O-O 21. bxc5
e4 22. cxb6 axb6 23. Rab1 c5 24. Rfd1 Ne6 25. Qe2 h5 26. Nh2 exd3 27. cxd3 Rge8
28. Qc2 Be5 29. Ngf1 Nd4 30. Bxd4 Bxd4 31. Nf3 g4 32. Nxd4 Rxd4 33. h4 Red8 34.
Qb3 Bxd3 35. Qe6+ Kb7 36. Rdc1 R8d6 37. Qe8 Bxf1 38. Rxf1 Rd7 39. Qxh5 g3 40.
Qf3+ Ka7 41. Qxg3 Qxg3 42. fxg3 Rg4 43. Rb3 Rd2 44. Rf4 Rg8 45. g4 Re8 46. g5
Re1+ 47. Kh2 1-0

[Event "Moscow-Open 2021_B"]
[Site "Moscow"]
[Date "2021.02.20"]
[Round "1.29"]
[White "Kiseleva, Arina"]
[Black "Korovina, Yana"]
[Result "1/2-1/2"]
[WhiteElo "2035"]
[BlackElo "1531"]
[PlyCount "85"]
[EventDate "2021.02.20"]

1. d4 Nf6 2. Nf3 e6 3. Bf4 b6 4. e3 Bb7 5. Be2 d5 6. O-O Bd6 7. Ne5 O-O 8. Nd2
c5 9. c3 Nc6 10. Bg3 Rc8 11. f4 Nd7 12. Qe1 f6 13. Nxc6 Bxc6 14. Nf3 Bb7 15.
Bd3 f5 16. Bh4 Nf6 17. Ne5 Be7 18. Bxf6 Bxf6 19. Kh1 Bxe5 20. fxe5 g5 21. g4 f4
22. Rf3 Rc7 23. Qd2 Rcf7 24. Raf1 fxe3 25. Qxe3 Rxf3 26. Rxf3 Rxf3 27. Qxf3 h6
28. Kg2 Qf8 29. Qe3 c4 30. Be2 b5 31. h4 Qg7 32. Kh3 a5 33. Qc1 gxh4 34. Kxh4
Qg5+ 35. Qxg5+ hxg5+ 36. Kxg5 Kg7 37. Bd1 Bc6 38. Bc2 a4 39. Kf4 Be8 40. Kg3
Bc6 41. g5 Bd7 42. b3 a3 43. Kh4 1/2-1/2

[Event "Moscow-Open 2021_B"]
[Site "Moscow"]
[Date "2021.02.20"]
[Round "1.30"]
[White "Tsamalaidze, Liana"]
[Black "Afanasieva, Alexandra"]
[Result "0-1"]
[WhiteElo "1446"]
[BlackElo "1997"]
[PlyCount "62"]
[EventDate "2021.02.20"]

1. d4 Nf6 2. c4 e6 3. Nc3 Bb4 4. e3 d5 5. a3 Bd6 6. c5 Be7 7. b4 O-O 8. Nf3 b6
9. Bd3 a5 10. Bb2 c6 11. O-O Ba6 12. Ne5 Bxd3 13. Nxd3 Nbd7 14. Qc2 Qc7 15. f4
Ne4 16. Nxe4 dxe4 17. Ne5 bxc5 18. dxc5 axb4 19. axb4 Nf6 20. Nc4 Rxa1 21. Rxa1
Nd5 22. Qxe4 Nxb4 23. Be5 Qd8 24. Nd6 Nd5 25. Ra6 Qb8 26. Rxc6 Qb3 27. Bd4 Qd1+
28. Kf2 Nb4 29. Kg3 Qe1+ 30. Kf3 Bh4 31. g3 Qf1+ 0-1

[Event "Moscow-Open 2021_B"]
[Site "Moscow"]
[Date "2021.02.20"]
[Round "1.31"]
[White "Tarasenka, Aliaksandra"]
[Black "Novikova, Daria"]
[Result "1-0"]
[WhiteElo "1995"]
[BlackElo "1430"]
[PlyCount "83"]
[EventDate "2021.02.20"]

1. c4 c6 2. e4 e6 3. d4 d5 4. cxd5 cxd5 5. e5 Qb6 6. Bd3 Bd7 7. Nf3 Nc6 8. O-O
Nxd4 9. Nxd4 Qxd4 10. Nc3 Qb6 11. Qg4 Qb4 12. Qg3 Ne7 13. a3 Qb6 14. b4 Ng6 15.
Rd1 Be7 16. Be3 Qd8 17. f4 Rc8 18. Nb5 a6 19. Nd4 a5 20. bxa5 Qxa5 21. Rab1 Bc5
22. Rxb7 Qa4 23. Bc2 Qa6 24. Rb2 Qxa3 25. Rb3 Qa5 26. Qf2 Bxd4 27. Bxd4 Nxf4
28. Ra1 Qd8 29. Rf3 g5 30. Be3 Qc7 31. Bxf4 gxf4 32. Bb3 Qxe5 33. Re1 Qd6 34.
Rxf4 Rf8 35. Rh4 Qa3 36. Bxd5 Qa5 37. Be4 f5 38. Bf3 Rc2 39. Qe3 Rh8 40. Rd4
Rg8 41. Red1 Ba4 42. Qxe6+ 1-0